000 00530nam a2200181Ia 4500
008 090124s9999 xx 000 0 und d
082 _b13584
_a3356
100 _aमिरासदार द.मा.
245 _a गप्पागोष्टी
250 _a1
260 _c1963
300 _a154
600 _aमिरासदार द.मा.
630 _a गप्पागोष्टी
700 _aमिरासदार द.मा.
730 _a गप्पागोष्टी
942 _cBOOK
999 _c127523
_d127523